|
|
|
|
| LEADER |
00892nta a2200217 i 4500 |
| 001 |
dokt4628 |
| 005 |
20200324100751.0 |
| 008 |
200324s2001 hu om 0|| hun d |
| 024 |
7 |
|
|a 31257966
|2 mtmt
|
| 040 |
|
|
|a SZTE Doktori Repozitórium
|b hun
|
| 041 |
|
|
|a hun
|
| 100 |
1 |
|
|a Závorszky Péter
|
| 245 |
1 |
3 |
|a Az oskar mRNS struktúrális szerepe a korai oogenezisben
|h [elektronikus dokumentum] /
|c Závorszky Péter
|
| 260 |
|
|
|c 2001
|
| 502 |
|
|
|a Disszertacio
|
| 650 |
|
4 |
|a biológiai tudományok
|
| 695 |
|
|
|a Biológia
|
| 700 |
1 |
|
|a Erdélyi Miklós
|e ths
|
| 856 |
4 |
0 |
|u https://doktori.bibl.u-szeged.hu/id/eprint/4628/1/2001_zavorszky_peter.pdf
|z Dokumentum-elérés
|
| 856 |
4 |
0 |
|u https://doktori.bibl.u-szeged.hu/id/eprint/4628/2/2001_zavorszky_peter_tezis_hun.pdf
|z Dokumentum-elérés
|
| 856 |
4 |
0 |
|u https://doktori.bibl.u-szeged.hu/id/eprint/4628/3/2001_zavorzsky_peter_birl.pdf
|z Dokumentum-elérés
|